MARC

LEADER 00000nam0a2200000 4500
001 319243
005 20231102003148.0
035 |a (RuTPU)RU\TPU\book\344751 
090 |a 319243 
100 |a 20160524d1970 m y0rusy50 ca 
101 0 |a rus 
102 |a RU 
105 |a a j 001zy 
200 1 |a Автоматизация обогатительных фабрик  |e учебник для вузов  |f А. Е. Троп, В. З. Козин, В. М. Аршинский 
210 |a Москва  |c Недра  |d 1970 
215 |a 320 с.  |c ил. 
320 |a Библиогр.: с. 315 
606 1 |a Обогащение  |x Автоматизация  |2 stltpush  |3 (RuTPU)RU\TPU\subj\46454  |9 65594 
610 1 |a автоматический контроль 
610 1 |a автоматическое управление 
610 1 |a учет 
610 1 |a продукты обогащения 
610 1 |a твердая фаза 
610 1 |a состав 
610 1 |a пульпа 
610 1 |a жидкая фаза 
610 1 |a поточно-транспортные системы 
610 1 |a погрузочно-разгрузочные работы 
610 1 |a дробление 
610 1 |a флотация 
610 1 |a магнитная сепарация 
610 1 |a агломерация 
610 1 |a обжиг 
610 1 |a технологические процессы 
610 1 |a учебники 
675 |a 622.7.012-52  |v 4 
700 1 |a Троп  |b А. Е.  |g Абрам Ефимович 
701 1 |a Козин  |b В. З.  |g Владимир Зиновьевич 
701 1 |a Аршинский  |b В. М.  |g Вадим Мефодьевич 
801 1 |a RU  |b 63413507  |c 20160524 
801 2 |a RU  |b 63413507  |c 20200722  |g RCR 
942 |c BK